DFB Kapitäne erkennen - Statistiken

Allgemein
  • Dieses Quiz wurde 471 mal gespielt
  • Das Durchschnittsergebnis liegt bei 11 aus 12
Antwortstatistiken
Bildquiz Antwort % Korrekt
Manuel Neuer
100%
Oliver Kahn
100%
Thomas Müller
100%
Bastian Schweinsteiger
99%
Joshua Kimmich
99%
Miroslav Klose
99%
Phillip Lahm
99%
Ilkay Gündogan
98%
Michael Ballack
97%
Franz Beckenbauer
95%
Lothar Matthäus
95%
Kalle Rummenigge
55%
Keine übereinstimmenden Quizze gefunden
Verteilung der Resultate
Anzahl Personen mit jedem Resultat
Perzentil nach korrekt beantworteten Fragen
Ihre Resultats-Entwicklung
Sie haben dieses Quiz noch nicht gespielt